000 01275cam a22003377a 4500
003 CHAP
005 20220329142727.0
008 030312d2003 mx a r 00110 spa d
010 _a86934
011 _a87906
035 _a98451
040 _cCHAP
090 _aTesis
100 0 0 _aCobá Chan, Andres Fernando.
_924177
245 1 0 _aPropuesta de un plan de manejo para la producción confináda del Venado cola Blanca (Odocoileus virginianus yucatanensis, Hays 1872)
_c/por Andrés Fernando Cobá Chan
260 _aChapingo, Méx. :
_bEl autor,
_c2003.
300 _a110 h.
502 _aTesis (Ing. Agr. Esp. en Zootecnia) -- UACH. DEpartamento de Enseñanza, Investigación y Servicio en Zootecnia
590 _aALEPH
_b10
_c20130110
_lUCH01
_h1452
590 _aBATCH-UPD
_b10
_c20130110
_lUCH01
_h0550
590 _aBATCH-UPD
_b10
_c20130410
_lUCH01
_h0231
590 _aBATCH-UPD
_b10
_c20130914
_lUCH01
_h0953
590 _aCONVERSION
_b10
_c20130109
_lUCH01
_h1348
650 1 4 _aVenados.
_9118663
650 1 4 _aVida silvestre
_xConservación
_zYucatán.
_9119177
901 _aBK
905 _aMayto Villalobos S.
942 _cFOLL
949 _aTesis
_bBC
_cTES
_d33724000887725
_eTS2
_fc.2
_h40517
_i98451
_si
949 _aTesis
_bBC
_cTES
_d98451123
_eTS1
_h40516
_i98451
_sb
999 _c86934
_d86934